Name a Country for Every Letter and Length - Statistics

General Stats
  • This quiz has been taken 35 times
  • The average score is 62 of 92
Answer Stats
Hint Answer % Correct
A7 Algeria
100%
A6 Angola
86%
A9 Argentina
86%
D7 Denmark
83%
F7 Finland
83%
G5 Ghana
83%
A10 Azerbaijan
79%
B7 Bolivia
79%
B6 Brunei
79%
C4 Chad
79%
C5 China
79%
D8 Dominica
79%
E7 Estonia
79%
E8 Ethiopia
79%
F4 Fiji
79%
H5 Haiti
79%
I5 India
79%
J5 Japan
79%
L4 Laos
79%
B8 Barbados
76%
C8 Cambodia
76%
C7 Croatia
76%
F6 France
76%
G6 Gambia
76%
G7 Grenada
76%
G9 Guatemala
76%
H8 Honduras
76%
H7 Hungary
76%
I7 Iceland
76%
I9 Indonesia
76%
I4 Iran
76%
J6 Jordan
76%
K5 Kenya
76%
M4 Mali
76%
A11+ Afghanistan
72%
J7 Jamaica
72%
E5 Egypt
69%
K10 Kazakhstan
69%
K8 Kiribati
69%
K6 Kuwait
69%
L11+ Liechtenstein
69%
M10 Madagascar
69%
O4 Oman
69%
P6 Panama
69%
P4 Peru
69%
Q5 Qatar
69%
R7 Romania
69%
B5 Benin
66%
C6 Canada
66%
L7 Lebanon
66%
L5 Libya
66%
L10 Luxembourg
66%
M6 Malawi
66%
N5 Nauru
66%
I6 Israel
62%
M8 Malaysia
62%
M7 Morocco
62%
N7 Nigeria
62%
R6 Russia
62%
S5 Samoa
62%
S6 Serbia
62%
S11+ Switzerland
62%
T5 Tonga
62%
U7 Uruguay
62%
Y5 Yemen
62%
Z6 Zambia
62%
Z8 Zimbabwe
62%
L6 Latvia
59%
M5 Malta
59%
S7 Senegal
59%
T4 Togo
59%
T6 Turkey
59%
U10 Uzbekistan
59%
V7 Vanuatu
59%
L9 Lithuania
55%
N9 Nicaragua
55%
P8 Paraguay
55%
U6 Uganda
55%
N6 Norway
52%
P5 Palau
52%
S8 Suriname
52%
T10 Tajikistan
52%
T8 Tanzania
52%
T11+ Turkmenistan
52%
V9 Venezuela
52%
B10 Bangladesh
48%
M9 Mauritius
48%
N11+ Netherlands
48%
P11+ Philippines
45%
T7 Tunisia
45%
S10 Seychelles
41%
S9 Singapore
38%
No matching quizzes found
Score Distribution
Percent of People with Each Score
Percentile by Number Answered
Your Score History
You have not taken this quiz